Нормален изглед
MARC изглед
- Казанджиев, Васил Иванов
Вход 01. Лично име
001 - Контролен номер на записа
- Контролно поле: 387582
003 - Код на организацията, даваща контролен номер
- Контролно поле: BLK
005 - Дата и час на последна промяна на записа
- Контролно поле: 20241011114107.0
008 - Данни с фиксирана дължина – обща информация
- Данни с фиксирана дължина : 180422|| aca||aabn | a|a d
100 ## - ИМЕ НА ЛИЦЕ -ПЪРВИЧНА ИНТЕЛЕКТУАЛНА ОТГОВОРНОСТ
- Лично име: Казанджиев, Васил Иванов
- Дати, свързани с автора: 1934 -
- Друга информация: композитор
372 ## - Сфера на дейност
- Сфера на дейност: Български композитор, диригент и педагог
942 ## - Системна служебна употреба
- Koha auth type: PERSO_NAME